Documentos de trabajo /
Na minha lista:
| Autor Corporativo: | |
|---|---|
| Formato: | Livro |
| Idioma: | Spanish |
| Publicado em: |
San José, Costa Rica:
FLACSO, Sede de Costa Rica
|
| Assuntos: | |
| Tags: |
Adicionar Tag
Sem tags, seja o primeiro a adicionar uma tag!
|
MARC
| LEADER | 00000nam a22000007a 4500 | ||
|---|---|---|---|
| 003 | cru CIDCACS/IIS | ||
| 005 | 20230619103258.0 | ||
| 008 | 230615b |||||||| |||| 00| 0 spa d | ||
| 040 | |c cru CIDCACS/IIS | ||
| 090 | |a REV0386 | ||
| 110 | 1 | |9 10569 |a Facultad Latinoamericana de Ciencias Sociales (FLACSO) | |
| 245 | 1 | |a Documentos de trabajo / |c Facultad Latinoamericana de Ciencias Sociales | |
| 260 | |a San José, Costa Rica: |b FLACSO, Sede de Costa Rica | ||
| 500 | |a EXISTENCIAS : 1990 (2) 1991 (1-2) | ||
| 500 | |a Colección Centroamérica | ||
| 650 | 0 | |9 306 |a ELECCIONES | |
| 650 | 0 | |9 4401 |a CRISIS ESTRUCTURAL | |
| 650 | 0 | |9 83 |a DEMOCRACIA | |
| 650 | 0 | |9 3 |a MOVIMIENTOS SOCIALES | |
| 650 | 0 | |9 1428 |a IDEOLOGIAS | |
| 650 | 0 | |9 98 |a FLACSO | |
| 651 | 0 | |9 308 |a CENTROAMERICA | |
| 942 | |2 ddc |c PP | ||
| 999 | |c 45078 |d 45078 | ||
